Statistics for Grenada Country Quiz

Click here to take the quiz!

General Stats

  • This quiz has been taken 6,581 times
    (6,557 since last reset)
  • The average score is 11 of 16

Answer Stats

HintAnswer% Correct
Sea which Grenada bordersCaribbean Sea
98%
Official languageEnglish
98%
Archipelago that Grenada is part ofLesser {Antilles}
96%
Country which invaded in 1983United States
96%
Country from which Grenada gained its independence in 1974United Kingdom
96%
Country in which you'd find the city of Granada after which the country is namedSpain
94%
Closest mainland country to GrenadaVenezuela
91%
Most popular sportCricket
91%
Holiday celebrated on October 25 to commemorate the invasion and the
restoration of democracy, unrelated to the U.S. holiday with the same name
Thanksgiving
74%
Grenada supplies 40% of the world supply of this spice, starting with NNutmeg
72%
Capital of GrenadaSaint George's
61%
Grenada is divided into 6 of these administrative divisions (starts with P)Parishes
58%
Holiday period which Grenada celebrates in August, unlike other countries
which celebrate it before Lent
Carnival
42%
Critically-endangered national birdGrenada {Dove}
20%
Communist party which seized power in a bloodless coup in 1979New {Jewel} Movement
18%
Another name for the above{Spice}mas
12%

Score Distribution

Percentile by Number Answered

Percent of People with Each Score

Your Score History

You have not taken this quiz since the last reset